| 000 | 00843nam a2200181Ia 4500 | ||
|---|---|---|---|
| 008 | 090630s9999 xx 000 0 und d | ||
| 082 | _b12933 | ||
| 100 | _aबांदोडकर गो. पु. / बांदोडकर व. पु. | ||
| 245 |
_aउध्वस्त साम्राज्य. _cबांदोडकर गो. पु. / बांदोडकर व. पु. |
||
| 260 | _bबांदोडकर - गोवा. | ||
| 300 | _a350 | ||
| 600 | _aबांदोडकर गो. पु. / बांदोडकर व. पु. | ||
| 630 | _aउध्वस्त साम्राज्य. | ||
| 655 | _aकादंबरी. | ||
| 700 | _aबांदोडकर गो. पु. / बांदोडकर व. पु. | ||
| 730 | _aउध्वस्त साम्राज्य. | ||
| 942 | _cBOOK | ||
| 999 |
_c264789 _d264789 |
||